MARC

LEADER 00000nam0a2200000 4500
001 74746
005 20231101212757.0
035 |a (RuTPU)RU\TPU\book\79722 
035 |a RU\TPU\book\252423 
035 |a RU\TPU\book\79696 
090 |a 74746 
100 |a 20130201d1965 k y0rusy50 ca 
101 0 |a rus 
102 |a RU 
105 |a a z 001zy 
200 1 |a Минералы рудных месторождений и пегматитов Урала  |h Минералогический сборник: № 6  |f Академия наук СССР, Уральский филиал, Институт геологии ; отв. ред. А. Н. Игумнов , Г. Ф. Червяковский 
210 |a Свердловск  |c Изд-во УФ АН СССР  |d 1965 
215 |a 339 с.  |c ил. 
225 1 |a Труды института геологии  |v Вып. 70 
320 |a Библиография в конце статей 
606 1 |a Минералогия  |2 stltpush  |3 (RuTPU)RU\TPU\subj\43907  |9 63333 
610 1 |a геологические исследования 
610 1 |a рудные месторождения 
610 1 |a породообразующие минералы 
610 1 |a горные породы 
610 1 |a скарновые месторождения 
610 1 |a колчеданные месторождения 
610 1 |a гидротермальные месторождения 
675 |a 549  |v 3 
702 1 |a Игумнов  |b А. Н.  |4 340 
702 1 |a Червяковский  |b Г. Ф.  |4 340 
712 0 2 |a Академия наук СССР  |b Уральский филиал  |b Институт геологии  |c (Свердловск)  |c (1962-1966)  |2 stltpush  |3 (RuTPU)RU\TPU\col\24657  |9 28445 
801 1 |a RU  |b 63413507  |c 20050311  |g PSBO 
801 2 |a RU  |b 63413507  |c 20181026  |g PSBO 
942 |c BK